00517pab a2200133 454500008003600000100002400036245005700060650003100117650003600148773005600184909001000240999001700250952011600267180718b xxu||||| |||| 00| 0 eng d aDas, Hrudaya Ballav aParliamentary privilege and independence of Judicion a Parliamentary - Privilege aLegislatures - Power of - India aJournal of Constitutional and Parliamentary Studies a23786 c23786d23786 00104070aIIPAbIIPAd2018-07-19hIssue no: 25(1-4) Jan.-Dec.91, p.27-37pAR23855r2018-07-19w2018-07-19yAR